000 00714nam a2200133Ia 4500
008 171212s9999 xx 000 0 und d
020 _a9780833035004
100 _aStecher, Brian M.;Kirby, Sheila Nataraj;Barney, Heather;Pearson, Marjorie L.;Chow, Marc
245 _cStecher, Brian M.;Kirby, Sheila Nataraj;Barney, Heather;Pearson, Marjorie L.;Chow, Marc
_aOrganizational Improvement and Accountability
_bLessons for Education from Other Sectors
260 _bRAND Corporation
_c2004
650 _aEducation
650 _aEducational accountability -- United States; School management and organization -- United States; Organizational effectiveness -- Evaluation
856 _uwww.jstor.org/stable/10.7249/mg136wfhf
999 _c352384
_d352384